<?xml version="1.0" encoding="UTF-8"?><?xml-stylesheet type="text/xsl" href="static/style.xsl"?><OAI-PMH xmlns="http://www.openarchives.org/OAI/2.0/" xmlns:xsi="http://www.w3.org/2001/XMLSchema-instance" xsi:schemaLocation="http://www.openarchives.org/OAI/2.0/ http://www.openarchives.org/OAI/2.0/OAI-PMH.xsd"><responseDate>2026-05-12T04:02:16Z</responseDate><request verb="GetRecord" identifier="oai:riubu.ubu.es:10259/11589" metadataPrefix="marc">https://riubu.ubu.es/oai/request</request><GetRecord><record><header><identifier>oai:riubu.ubu.es:10259/11589</identifier><datestamp>2026-05-08T22:06:13Z</datestamp><setSpec>com_10259_2699</setSpec><setSpec>col_10259_2713</setSpec></header><metadata><record xmlns="http://www.loc.gov/MARC21/slim" xmlns:doc="http://www.lyncode.com/xoai" xmlns:xsi="http://www.w3.org/2001/XMLSchema-instance" xmlns:dcterms="http://purl.org/dc/terms/" xsi:schemaLocation="http://www.loc.gov/MARC21/slim http://www.loc.gov/standards/marcxml/schema/MARC21slim.xsd">
<leader>00925njm 22002777a 4500</leader>
<datafield tag="042" ind1=" " ind2=" ">
<subfield code="a">dc</subfield>
</datafield>
<datafield tag="720" ind1=" " ind2=" ">
<subfield code="a">Díez Ojeda, María</subfield>
<subfield code="e">author</subfield>
</datafield>
<datafield tag="260" ind1=" " ind2=" ">
<subfield code="c">2025</subfield>
</datafield>
<datafield tag="520" ind1=" " ind2=" ">
<subfield code="a">Las investigaciones de esta Tesis Doctoral se han realizado en el contexto de la&#xd;
asignatura de Educación Ambiental perteneciente al Área de Didáctica de las Ciencias&#xd;
Experimentales. Se trata de una asignatura optativa semestral orientada al alumnado&#xd;
de Grado en Maestro/a en Educación Primaria y Grado en Maestro/a en Educación&#xd;
Infantil. Para llevar a cabo los distintos estudios, se han diseñado previamente programas&#xd;
específicos que permiten lograr los objetivos y el desarrollo de las habilidades que se&#xd;
definen en la guía docente de la asignatura. Para ello, se han tenido en cuenta en todo&#xd;
momento los objetivos de la educación ambiental promulgados desde la UNESCO:&#xd;
proporcionar conocimientos sobre el medio ambiente biofísico, con sus complejidades&#xd;
intrínsecas y sus problemas, y lograr personas conscientes de cómo abordar la resolución&#xd;
de problemas, motivadas y responsables. En el primer estudio se realiza una&#xd;
investigación cualitativa sobre el conocimiento y apreciación del futuro profesorado&#xd;
sobre el uso educativo de la ciencia ciudadana. Esta investigación pone de manifiesto&#xd;
el gran desconocimiento del término ciencia ciudadana. Sin embargo, se percibe como&#xd;
una herramienta con un gran potencial didáctico cuya integración curricular produciría&#xd;
efectos muy beneficiosos en el desarrollo de las competencias generales del alumnado.&#xd;
El segundo estudio consiste en un análisis cuantitativo sobre el cambio en las actitudes&#xd;
ambientales tras la implementación de un programa de formación que incorpora&#xd;
actividades de ciencia ciudadana. Los hallazgos de esta investigación revelaron que se&#xd;
produjo una mejora de las actitudes ambientales del alumnado participante en todas&#xd;
las dimensiones de Preservación y Utilización. Por último, en el tercer estudio, se da un&#xd;
paso más en la concepción de la Educación Ambiental como Educación para el&#xd;
Desarrollo Sostenible, integrando como estrategia didáctica el Aprendizaje y servicio. Se&#xd;
realizó un análisis cuantitativo sobre el cambio en las actitudes hacia el Desarrollo&#xd;
Sostenible. Los hallazgos evidenciaron una mejora de las actitudes hacia el Desarrollo&#xd;
Sostenible en cada una de las dimensiones: Medioambiente, Economía, Sociedad y&#xd;
Educación. Así pues, esta tesis doctoral contribuye a la literatura científica en la&#xd;
Didáctica de las Ciencias Experimentales a través de los estudios realizados, que&#xd;
complementan la escasez de estudios existentes sobre la temática. Además, genera&#xd;
una línea de desarrollo de un marco metodológico para la integración curricular de la&#xd;
Educación Ambiental y la Educación para el Desarrollo Sostenible. Por último, como&#xd;
aporte para el profesorado, se describen las actividades desarrolladas a lo largo de la&#xd;
investigación, que pueden servir de guía para la elaboración de programas para la&#xd;
asignatura de Educación Ambiental.</subfield>
</datafield>
<datafield tag="520" ind1=" " ind2=" ">
<subfield code="a">The research for this Doctoral Thesis was conducted within the context of the&#xd;
Environmental Education course within the Experimental Science Teaching Area. This is a&#xd;
semester-long elective course aimed at primary and early childhood education students.&#xd;
To carry out the various studies, specific programs were previously designed to achieve&#xd;
the objectives and develop the skills defined in the course's teaching guide. To this end,&#xd;
the objectives of environmental education promulgated by UNESCO were consistently&#xd;
considered: to provide knowledge about the biophysical environment, with its intrinsic&#xd;
complexities and problems, and to develop individuals who are aware of how to&#xd;
approach problem-solving, motivated, and responsible. The first study conducted a&#xd;
qualitative study on prospective teachers' knowledge and appreciation of the&#xd;
educational use of citizen science. This research highlights the widespread lack of&#xd;
awareness of the term "citizen science." However, it is perceived as a tool with great&#xd;
educational potential, whose curricular integration would produce highly beneficial&#xd;
effects on the development of students' general competencies. The second study&#xd;
consists of a quantitative analysis of the change in environmental attitudes following the&#xd;
implementation of a training program that incorporates citizen science activities. The&#xd;
findings of this research revealed an improvement in the environmental attitudes of&#xd;
participating students in all dimensions of Preservation and Utilization. Finally, the third&#xd;
study takes a further step in the conception of Environmental Education as Education for&#xd;
Sustainable Development, integrating Service Learning as a teaching strategy. A&#xd;
quantitative analysis was conducted on the change in attitudes toward Sustainable&#xd;
Development. The findings showed an improvement in attitudes toward Sustainable&#xd;
Development in each of the dimensions: Environment, Economy, Society, and Education.&#xd;
Thus, this doctoral thesis contributes to the scientific literature on Experimental Science&#xd;
Teaching through the studies conducted, which complement the scarcity of existing&#xd;
studies on the subject. Furthermore, it provides a framework for developing a&#xd;
methodological framework for curricular integration of Environmental Education and&#xd;
Education for Sustainable Development. Finally, as a contribution for teachers, the&#xd;
activities developed throughout the research are described, which can serve as a guide&#xd;
for developing programs for the subject of Environmental Education.</subfield>
</datafield>
<datafield tag="024" ind2=" " ind1="8">
<subfield code="a">https://hdl.handle.net/10259/11589</subfield>
</datafield>
<datafield tag="024" ind2=" " ind1="8">
<subfield code="a">10.36443/10259/11589</subfield>
</datafield>
<datafield ind1=" " ind2=" " tag="653">
<subfield code="a">Educación ambiental</subfield>
</datafield>
<datafield ind1=" " ind2=" " tag="653">
<subfield code="a">Actitudes ambientales</subfield>
</datafield>
<datafield ind1=" " ind2=" " tag="653">
<subfield code="a">Actitudes hacia el desarrollo sostenible</subfield>
</datafield>
<datafield ind1=" " ind2=" " tag="653">
<subfield code="a">Aprendizaje y servicio</subfield>
</datafield>
<datafield ind1=" " ind2=" " tag="653">
<subfield code="a">Ciencia ciudadana</subfield>
</datafield>
<datafield ind1=" " ind2=" " tag="653">
<subfield code="a">Formación del profesorado</subfield>
</datafield>
<datafield ind1=" " ind2=" " tag="653">
<subfield code="a">Environmental education</subfield>
</datafield>
<datafield ind1=" " ind2=" " tag="653">
<subfield code="a">Environmental attitudes</subfield>
</datafield>
<datafield ind1=" " ind2=" " tag="653">
<subfield code="a">Attitudes toward sustainable development</subfield>
</datafield>
<datafield ind1=" " ind2=" " tag="653">
<subfield code="a">Learning and service</subfield>
</datafield>
<datafield ind1=" " ind2=" " tag="653">
<subfield code="a">Citizen science</subfield>
</datafield>
<datafield ind1=" " ind2=" " tag="653">
<subfield code="a">Teacher training</subfield>
</datafield>
<datafield tag="245" ind1="0" ind2="0">
<subfield code="a">Enfoques didácticos para la enseñanza de la Educación Ambiental: incorporando la ciencia ciudadana a la Didáctica de las Ciencias Experimentales</subfield>
</datafield>
</record></metadata></record></GetRecord></OAI-PMH>